000 00610cam a22002053a 4500
001 45022
003 PGUSA
005 20140828084028.0
008 140226s2014||||xxu|||||s|||||000 | eng d
040 _aPGUSA
_beng
042 _adc
100 1 _aAlger, Horatio,
_d1832-1899
245 1 0 _aBernard Brooks' Adventures :
_bThe Experience of a Plucky Boy
_h[electronic resource] /
_cHoratio Alger
260 _bProject Gutenberg,
_c2014
506 _aPublic domain in the USA.
516 _aElectronic text
830 0 _aProject Gutenberg
_v45022
856 4 0 _uhttp://www.gutenberg.org/ebooks/45022
942 _cEB
999 _c274273
_d274273